Development of mobile application pam-pamilyang feud for android / (Record no. 3438)

MARC details
000 -LEADER
fixed length control field 02984nam a22003137a 4500
003 - CONTROL NUMBER IDENTIFIER
control field OSt
005 - DATE AND TIME OF LATEST TRANSACTION
control field 20240515043113.0
008 - FIXED-LENGTH DATA ELEMENTS--GENERAL INFORMATION
fixed length control field 240509b ||||| |||| 00| 0 eng d
040 ## - CATALOGING SOURCE
Language of cataloging English.
Transcribing agency CvSU-CCAT Campus Library.
Description conventions rda.
050 ## - LIBRARY OF CONGRESS CALL NUMBER
Classification number UM QA 76.59
Item number C37 2014
100 ## - MAIN ENTRY--PERSONAL NAME
Personal name Carampot, Catherine M., author.
9 (RLIN) 12592
245 ## - TITLE STATEMENT
Title Development of mobile application pam-pamilyang feud for android /
Statement of responsibility, etc. Catherine M. Carampot, Kenlie Ann L. Martinez, and Jean Mikee D. Sanchez.
260 ## - PUBLICATION, DISTRIBUTION, ETC.
Place of publication, distribution, etc. Rosario, Cavite :
Name of publisher, distributor, etc. Cavite State University-CCAT Campus,
Date of publication, distribution, etc. 2014.
300 ## - PHYSICAL DESCRIPTION
Extent xv, 93 leaves :
Other physical details illustrations ;
Dimensions 28 cm
500 ## - GENERAL NOTE
General note A Design Project (BSInfoTech) -- Cavite State University-CCAT Campus, 2014.
504 ## - BIBLIOGRAPHY, ETC. NOTE
Bibliography, etc. note Includes bibliographical references and appendices.
520 ## - SUMMARY, ETC.
Thesis Abstract <a href="CARAMPOT, CATHERINE M., MARTINEZ, KENLIE ANN L. AND SANCHEZ, JEAN MIKEE D. THE DEVELOPMENT OF MOBILE APPLICATION PAM- PAMILYANG FEUD FOR ANDROID. A Project Design. Bachelor of Science in Information Technology Cavite State University-Rosario, Rosario, Cavite. April 2014 Adviser Christopher G. Estonilo.<br/><br/>The study was conducted from July to January 2014 at Cavite State University, to develop a system entitled Pam-Pamilyang Feud for Android Specifically, the study aimed to 1 plan a mobile game that can be played by Filipino android users, 2 analyze the existing application guide and the problems encountered by the users because of the language used in the game, 3 develop an android application that will enhance logical skills and also used as an educational game, and 4. evaluate the mobile application that will reach the user's expectation about Pam-Pamilyang Feud for Android.<br/><br/>The survey, evaluation was done to gather information or data. Participants were grouped into two groups: students from the CvSU-Rosario and outside the school.<br/><br/>The data gathered were analyzed to specify the essential needs of the users and solutions to some problems. The developers observed the existing applications related on the system which are available on play store.<br/><br/>The software was evaluated, the current requirements were reviewed, and changes and additions to requirements were proposed. For each cycle of the model, a decision was made as to whether the software produced by the cycle will be discarded or kept as a starting point for the next cycle Eventually a point was reached where the requirements were complete, and the software was delivered.<br/>">CARAMPOT, CATHERINE M., MARTINEZ, KENLIE ANN L. AND SANCHEZ, JEAN MIKEE D. THE DEVELOPMENT OF MOBILE APPLICATION PAM- PAMILYANG FEUD FOR ANDROID. A Project Design. Bachelor of Science in Information Technology Cavite State University-Rosario, Rosario, Cavite. April 2014 Adviser Christopher G. Estonilo.<br/><br/>The study was conducted from July to January 2014 at Cavite State University, to develop a system entitled Pam-Pamilyang Feud for Android Specifically, the study aimed to 1 plan a mobile game that can be played by Filipino android users, 2 analyze the existing application guide and the problems encountered by the users because of the language used in the game, 3 develop an android application that will enhance logical skills and also used as an educational game, and 4. evaluate the mobile application that will reach the user's expectation about Pam-Pamilyang Feud for Android.<br/><br/>The survey, evaluation was done to gather information or data. Participants were grouped into two groups: students from the CvSU-Rosario and outside the school.<br/><br/>The data gathered were analyzed to specify the essential needs of the users and solutions to some problems. The developers observed the existing applications related on the system which are available on play store.<br/><br/>The software was evaluated, the current requirements were reviewed, and changes and additions to requirements were proposed. For each cycle of the model, a decision was made as to whether the software produced by the cycle will be discarded or kept as a starting point for the next cycle Eventually a point was reached where the requirements were complete, and the software was delivered.<br/></a>
546 ## - LANGUAGE NOTE
Language note In English text.
650 ## - SUBJECT ADDED ENTRY--TOPICAL TERM
Topical term or geographic name entry element Mobile apps.
9 (RLIN) 257
650 ## - SUBJECT ADDED ENTRY--TOPICAL TERM
Topical term or geographic name entry element Android (Electronic resource).
9 (RLIN) 2719
650 ## - SUBJECT ADDED ENTRY--TOPICAL TERM
Topical term or geographic name entry element Android.
9 (RLIN) 9688
650 ## - SUBJECT ADDED ENTRY--TOPICAL TERM
Topical term or geographic name entry element Mobile apps -- Development.
9 (RLIN) 11819
700 ## - ADDED ENTRY--PERSONAL NAME
Personal name Martinez, Kenlie Ann L., author.
9 (RLIN) 12593
700 ## - ADDED ENTRY--PERSONAL NAME
Personal name Sanchez, Jean Mikee D., author.
9 (RLIN) 12594
700 ## - ADDED ENTRY--PERSONAL NAME
Personal name Estonilo, Christopher G., adviser.
9 (RLIN) 5822
700 ## - ADDED ENTRY--PERSONAL NAME
Personal name Agudo, Jovemer V., technical critic.
9 (RLIN) 11902
942 ## - ADDED ENTRY ELEMENTS (KOHA)
Source of classification or shelving scheme Library of Congress Classification
Koha item type Thesis/Manuscripts/Dissertations
Call number prefix UM
Classification part QA 76.59 C37 2014
Holdings
Withdrawn status Lost status Source of classification or shelving scheme Damaged status Not for loan Collection code Home library Current library Shelving location Date acquired Coded location qualifier Full call number Barcode Date last seen Copy number Price effective from Koha item type
    Library of Congress Classification     Thesis/Manuscript/Dissertation Cavite State University - CCAT Campus Cavite State University - CCAT Campus TH 09/05/2014 UM UM QA 76.59 C37 2014 T0001059 10/24/2025 1 05/09/2024 Thesis/Manuscripts/Dissertations